000 00652nam a2200241 a 4500
001 0001-1067
003 ELIB.Books
008 141216 2010 eng
020 _a0800607279
035 _a(ELIB.Books)0001-1222
092 _a225.6
_bBul
100 _aBultmann, Rudolf.
245 _aThe New Testament & My Theology:
_bAnd Other Basic Writings
260 _aPhiladelphia
_bFortress Press
_c1984
300 _a168
_c21.5 Cm
500 _aC/o Moe Lwai
650 _aNew Testament
856 _nKBTS; Insein. KBTS Library
_uKBTS; Elib.
942 _2ddc
_cBK
990 _a1
998 _cbat
_e2014-12-16
999 _c11067
_d11067